| 000 | 01091cam a2200229 4500 | ||
|---|---|---|---|
| 001 | ABS64298 | ||
| 008 | 010806n2001 000 0 eng u | ||
| 035 | _a(Sirsi) u113970 | ||
| 100 | _aMarsh, M. | ||
| 245 | _aOut of service | ||
| 260 | _c2001 | ||
| 490 |
_aEstates Gazette _v(0129) 21 July 2001, 117(1) |
||
| 520 | _aThe results of a Property Litigation Association survey of its members indicate that the service provided to the property industry by county courts in England and Wales is often unsatisfactory. The main findings reveal a wide disparity in communications throughout the whole country, county court staff have little understanding of the needs of property litigation and that the response times involved in the litigation process are too slow. Concludes with a look at future plans for reform. | ||
| 590 | _aABS | ||
| 650 | _aPROPERTY LITIGATION ASSOCIATION | ||
| 650 | _aCOUNTY COURT SERVICES | ||
| 650 | _aPROPERTY LITIGATION | ||
| 650 | _aREFORM | ||
| 650 | _aCOMMUNICATIONS | ||
| 690 | _aMANAGEMENT-BUSINESS MANAGEMENT-PROFESSIONAL PRACTICE | ||
| 942 | _n0 | ||
| 999 |
_c67921 _d67921 |
||